Didaktika školskej telesnej výchovy pre 1. stupeň základnej školy. /
Uložené v:
| Hlavný autor: | |
|---|---|
| Médium: | Kniha |
| Jazyk: | Slovak |
| Vydané: |
Košice :
Univerzita P.J. Šafárika,
1993
|
| Vydanie: | 1. vyd. |
| Témy: | |
| ISBN: |
8070972645 (brož.) |
| Fyzický popis: |
163 s. |
| Tagy: |
Pridať tag
Žiadne tagy, Buďte prvý kto otaguje tento záznam!
|
Titul je dostupný aj v ... 

MARC
| LEADER | 00000nam a2200000 a 4500 | ||
|---|---|---|---|
| 001 | 000070821 | ||
| 003 | SVKK | ||
| 005 | 20010430000000.0 | ||
| 008 | 991007s1993 xo e sloo | ||
| 020 | |a 8070972645 (brož.) | ||
| 040 | |a SVKKK |b slo |c SVKKK |e AACR2 | ||
| 041 | 0 | |a slo | |
| 044 | |a xo |c SK | ||
| 080 | |a 371.3:796(075.8) |2 1997 | ||
| 080 | |a 796.01(075.8) |2 1997 | ||
| 080 | |a 371.3:372.879.6(075.8) |2 1997 | ||
| 100 | 1 | |a Žiga, Ladislav |4 aut | |
| 245 | 1 | 0 | |a Didaktika školskej telesnej výchovy pre 1. stupeň základnej školy. / |c Ladislav Žiga |
| 250 | |a 1. vyd. | ||
| 260 | |a Košice : |b Univerzita P.J. Šafárika, |c 1993 | ||
| 300 | |a 163 s. | ||
| 653 | 0 | |a výchova telesná |2 SVKKKPH | |
| 653 | 0 | |a didaktika |2 SVKKKPH | |
| 653 | 0 | |a ZŠ |2 SVKKKPH | |
| 653 | 0 | |a učebnice VŠ |2 SVKKKPH | |
| 655 | 7 | |a učebnice vysokých škôl |2 SVKKKPH | |
| 910 | |a svkkk | ||
| 919 | |a 80-7097-264-5 | ||
| 974 | |a MI |d 19991229 | ||
| 974 | |a PA |d 19991229 | ||
| 974 | |a UH |d 20010430 | ||
| 998 | |a BK | ||
| 090 | |g SCKHL |k Sklad Pribinova 2. posch. |a III.162120 |j 869238 |i 2720040135 |s Absenčne | ||
| 090 | |g SCKHL |k Sklad Pribinova 2. posch. |a III.162707 |j 870557 |i 2720068349 |s Absenčne | ||
| 090 | |g SCKHL |k Sklad Pribinova 2. posch. |a III.162708 |j 870558 |i 2720052708 |s Absenčne | ||